Ahorro y formación de capital: experiencias latinoamericanas, Argentina, Brasil, Chile, El Salvador, México
Spremljeno u:
| Glavni autori: | , |
|---|---|
| Format: | Knjiga |
| Jezik: | španjolski |
| Izdano: |
Buenos Aires
Grupo Editor Latinoamericano
1990
|
| Serija: | Colección Estudios Políticos y Sociales
|
| Teme: | |
| Oznake: |
Dodaj oznaku
Bez oznaka, Budi prvi tko označuje ovaj zapis!
|
MARC
| LEADER | 00000nam a2200000 a 4500 | ||
|---|---|---|---|
| 001 | UCX2236 | ||
| 003 | CL-VaPUC | ||
| 008 | 910409e19900000AG |||||||||||||||||spa|d | ||
| 082 | 0 | 4 | |a 332.041 |b MAS |2 21 |
| 100 | |a Massad Abud, Carlos |e autor |9 589540 | ||
| 700 | 0 | |a Eyzaguirre, Nicolás |e author |9 318109 | |
| 245 | 1 | 0 | |a Ahorro y formación de capital: experiencias latinoamericanas, Argentina, Brasil, Chile, El Salvador, México |
| 300 | |a 233 p | ||
| 942 | |c BK | ||
| 945 | |d 19910409 00:00:00 | ||
| 260 | |a Buenos Aires |b Grupo Editor Latinoamericano |c 1990 | ||
| 650 | 0 | |a Ahorro e inversión |9 318107 | |
| 651 | 0 | |a América Latina |9 255027 | |
| 583 | |a last modification |c 19910409 00:00:00 |k Rodrigo Vera | ||
| 490 | 0 | |a Colección Estudios Políticos y Sociales | |
| 999 | |c 223306 |d 223304 | ||
| 952 | |0 0 |1 0 |4 0 |6 332_041000000000000_MAS_1990 |7 0 |8 A |9 218940 |a BIBENE |b BIBENE |d 2019-11-15 |i 287735K |o 332.041 MAS 1990 |p 287735K |r 2025-01-15 |w 2019-11-15 |y BK |k ICO | ||